000 00486nam a22001937a 4500
005 20260604123839.0
008 260604b |||||||| |||| 00| 0 eng d
020 _a9789352737895
_c1025.00
040 _aMAIN
041 _aEnglish
082 _a658.15
_bDES
100 _aDesai, Vasant
_93779
245 _aFinancial Markets and Financial Services
250 _a2nd
260 _aMumbai
_bHimalaya
_c2018
300 _a623
650 _aEconomics (PM USHA)
_926774
942 _cBK
999 _c61002
_d61002